| 000 | 00683nam a2200277Ia 4500 | ||
|---|---|---|---|
| 005 | 20260324133311.0 | ||
| 008 | 008 260324s9999 xx 000 0 eng d | ||
| 020 | _a9780080939995 | ||
| 037 | _aEBOOK | ||
| 040 | _aCRL | ||
| 040 | _beng | ||
| 040 | _cCRL | ||
| 041 | _2eng | ||
| 041 | _aeng | ||
| 084 | _qCRL | ||
| 100 |
_aBruce Hellingsworth; Howard Anderson; Sharon Yull _91192570 |
||
| 245 | 0 | _aHigher National Computing Tutor Resource Pack | |
| 260 | _bTaylor and Francis | ||
| 260 | _c2003 | ||
| 365 | _a | ||
| 365 | _b305 | ||
| 856 | _uhttp://www.taylorfrancis.com/books/9780080939995 | ||
| 942 | _cEBOOK | ||
| 999 |
_c1791480 _d1791480 |
||